5HLuxD.jpg

KING HENRY VIII SENIOR AND PRIMARY SCHOOL LIBRARY OPAC

Lost in the jungle / (Record no. 3531)

000 -LEADER
fixed length control field 01256cam a2200325 i 4500
001 - CONTROL NUMBER
control field 19388251
003 - CONTROL NUMBER IDENTIFIER
control field OSt
005 - DATE AND TIME OF LATEST TRANSACTION
control field 20240220083539.0
008 - FIXED-LENGTH DATA ELEMENTS--GENERAL INFORMATION
fixed length control field 161128s2017 nyua j 000 1 eng
010 ## - LIBRARY OF CONGRESS CONTROL NUMBER
LC control number 2016027083
020 ## - INTERNATIONAL STANDARD BOOK NUMBER
International Standard Book Number 9781510713277 (paperback)
040 ## - CATALOGING SOURCE
Original cataloging agency DLC
Language of cataloging eng
Transcribing agency DLC
Description conventions rda
Modifying agency DLC
-- KH8
042 ## - AUTHENTICATION CODE
Authentication code pcc
082 00 - DEWEY DECIMAL CLASSIFICATION NUMBER
Classification number FIC MAN
Edition number 23
100 1# - MAIN ENTRY--PERSONAL NAME
Personal name Mann, Greyson,
Relator term author.
245 10 - TITLE STATEMENT
Title Lost in the jungle /
Statement of responsibility, etc. Greyson Mann ; illustrated by Grace Sandford.
264 #1 - PRODUCTION, PUBLICATION, DISTRIBUTION, MANUFACTURE, AND COPYRIGHT NOTICE
Place of production, publication, distribution, manufacture New York :
Name of producer, publisher, distributor, manufacturer Sky Pony Press,
Date of production, publication, distribution, manufacture, or copyright notice [2017].
300 ## - PHYSICAL DESCRIPTION
Extent 104 pages :
Other physical details illustrations ;
Dimensions 20 cm.
336 ## - CONTENT TYPE
Content type term text
Source rdacontent
337 ## - MEDIA TYPE
Media type term unmediated
Source rdamedia
338 ## - CARRIER TYPE
Carrier type term volume
Source rdacarrier
490 0# - SERIES STATEMENT
Series statement Secrets of an Overworld survivor ;
Volume/sequential designation #1
520 ## - SUMMARY, ETC.
Summary, etc. "Will can't wait to start his first solo Minecraft adventure--but when he finds himself lost in the jungle, can he survive the night alone?"--
Assigning source Provided by publisher.
650 #7 - SUBJECT ADDED ENTRY--TOPICAL TERM
Topical term or geographic name entry element JUVENILE FICTION / Action & Adventure / General.
Source of heading or term bisacsh
650 #7 - SUBJECT ADDED ENTRY--TOPICAL TERM
Topical term or geographic name entry element JUVENILE FICTION / Media Tie-In.
Source of heading or term bisacsh
650 #7 - SUBJECT ADDED ENTRY--TOPICAL TERM
Topical term or geographic name entry element JUVENILE FICTION / Action & Adventure / Survival Stories.
Source of heading or term bisacsh
650 #7 - SUBJECT ADDED ENTRY--TOPICAL TERM
Topical term or geographic name entry element JUVENILE FICTION / Fantasy & Magic.
Source of heading or term bisacsh
700 1# - ADDED ENTRY--PERSONAL NAME
Personal name Sandford, Grace,
Relator term illustrator.
942 ## - ADDED ENTRY ELEMENTS (KOHA)
Source of classification or shelving scheme
Koha item type Easy Reading
Holdings
Withdrawn status Lost status Source of classification or shelving scheme Damaged status Not for loan Collection code Permanent Location Current Location Shelving location Date acquired Total Checkouts Full call number Barcode Date last seen Date last checked out Price effective from Koha item type
          Fiction KH8 Senior School Library KH8 Senior School Library Easy Reading 2024-02-20 5 FIC MAN 3KHSL000102021 2025-08-29 2025-08-27 2024-02-20 Easy Reading

Powered By KH8 IT Dept